| 000 | 01597cam a22004334i 4500 | ||
|---|---|---|---|
| 003 | PE-LiUPU | ||
| 005 | 20250731173012.0 | ||
| 008 | 150623s1939 xxc r 000 0 eng d | ||
| 020 | _a0969265700 | ||
| 035 | _a(Sirsi) i9780969265702 | ||
| 040 |
_aPE-LiUPU _bspa _cPE-LiUPU _erda |
||
| 049 | _aPRUA | ||
| 082 | 0 | 4 |
_a268.8673271 _bO13a _221 |
| 100 | 1 |
_aObradovic, Robert, _d1939-, _eautor. |
|
| 245 | 1 | 0 |
_aAdventist colleges in Canada : _b1916-1982 / _cRobert Obradovic. |
| 264 | 1 |
_aToronto, Canadá : _bGranice Press, _c1939. |
|
| 300 |
_a198 páginas ; _c20 centímetros. |
||
| 336 |
_atext _2rdacontent |
||
| 337 |
_aunmediated _2rdamedia |
||
| 338 |
_avolume _2rdacarrier |
||
| 505 | 0 | _aAdventist higher education, its origin, philosophy, and distinctiveness -- From lornedale academy to kingsway -- "The school on the hilltop, " 1907-1950 -- The H. T. Johnson years: 1951-1965 -- Canadian union college, 1965-1971 -- Beyond affiliation: the quest for degree-granting status, 1971-1982. | |
| 526 | _aSEG42 | ||
| 526 | _aSEG41 | ||
| 526 | _aSEG40 | ||
| 526 | _aSEG39 | ||
| 526 | _aP94 | ||
| 526 | _aP87 | ||
| 526 | _aP86 | ||
| 526 | _aP85 | ||
| 526 | _aP77 | ||
| 526 | _aP76 | ||
| 526 | _aP35 | ||
| 610 | 2 |
_aKingsway College _xHistoria |
|
| 650 | 1 | 4 |
_aAdventistas del Séptimo Día _xEducación Superior _zCanadá _vHistoria. |
| 942 |
_2ddc _cBK |
||
| 949 |
_a376.5 O26 _wDEWEY _c1 _i46905 _lCCODEBUL1 _mBUL _r0 _sY _tBOOK _u2015-6-24 _xTEOLOGIA _0COMPRA _o.STAFF. Colección General |
||
| 999 |
_c23500 _d23500 |
||
| 980 |
_81 _gALBERTO SANCHEZ Responsable de Automatización |
||